=LDR 00000nam 2200000 4500 =001 INLIS000000000026773 =005 20130612125209 =008 ***********************************ind** =035 ##$$0010-061300000026773 =041 ##$$a ind =082 ##$$a 794.8 =090 ##$$a 794.8, BAW p =100 ##$$a Bawantara, Agung =245 ##$$a Panduan membuat vidio keluarga, membuat story board/ story line, teknik syuting, teknik editing, teknik mengisi suara, Agung Bawantara =260 ##$$a 2005 $b Jakarta =300 ##$$a vii, 67 hlm., ilus., 28 cm =650 ##$$a Vidio =850 ##$$a NBPNMAT